অণুজীববিজ্ঞান / (Record no. 49347)
[ view plain ]
| 000 -LEADER | |
|---|---|
| fixed length control field | 01076nam a22002657a 4500 |
| 001 - CONTROL NUMBER | |
| control field | 49347 |
| 003 - CONTROL NUMBER IDENTIFIER | |
| rucl marc code | BD-RjUL |
| 005 - DATE AND TIME OF LATEST TRANSACTION | |
| control field | 20211209054652.0 |
| 008 - FIXED-LENGTH DATA ELEMENTS--GENERAL INFORMATION | |
| fixed length control field | 160927b2003 bg a|||| b||| 000 0 ben d |
| 020 ## - INTERNATIONAL STANDARD BOOK NUMBER | |
| Terms of availability | : TK 220.00 |
| 035 ## - SYSTEM CONTROL NUMBER | |
| System control number | (BD-RjUL)49466 |
| 040 ## - CATALOGING SOURCE | |
| Original cataloging agency | BD-RjUL |
| Language of cataloging | ben |
| Transcribing agency | BD-RjUL |
| Modifying agency | BD-RjUL |
| 041 ## - LANGUAGE CODE | |
| Language code of text/sound track or separate title | ben |
| 082 ## - DEWEY DECIMAL CLASSIFICATION NUMBER | |
| Edition number | 23 |
| Classification number | 579 |
| Author mark and year | ISA 2003 |
| 100 10 - MAIN ENTRY--PERSONAL NAME | |
| Personal name | ইসলাম, মোঃ রফিকুল |
| 9 (RLIN) | 119563 |
| 245 10 - TITLE STATEMENT | |
| Title | অণুজীববিজ্ঞান / |
| Statement of responsibility, etc. | ইসলাম, মোঃ রফিকুল ; মিহির লাল সাহা এবং এম. এ. বাসার |
| 260 ## - PUBLICATION, DISTRIBUTION, ETC. (IMPRINT) | |
| Place of publication, distribution, etc. | ঢাকা : |
| Name of publisher, distributor, etc. | হাসান বুক হাউস, |
| Date of publication, distribution, etc. | ২০০৩ |
| 300 ## - PHYSICAL DESCRIPTION | |
| Pagination | [৬] ২৭৬ পৃ. : |
| Illustrations | চিত্র. ; |
| Size | ২৪ সেমি. |
| 505 ## - FORMATTED CONTENTS NOTE | |
| Formatted contents note | গ্রন্থপঞ্জি সংযুক্ত |
| 650 ## - SUBJECT ADDED ENTRY--TOPICAL TERM | |
| Topical term or geographic name as entry element | অণুজীববিজ্ঞান |
| 9 (RLIN) | 148186 |
| Topical term or geographic name as entry element | Microbiology |
| 9 (RLIN) | 148413 |
| 700 ## - ADDED ENTRY--PERSONAL NAME | |
| Personal name | সাহা, মিহির লাল |
| Personal name | বাসার, এম. এ. |
| 942 ## - ADDED ENTRY ELEMENTS (KOHA) | |
| Source of classification or shelving scheme | Dewey Decimal Classification |
| Koha item type | Books |
| Lost status | Source of classification or shelving scheme | Damaged status | Not for loan | Collection code | Permanent Location | Current Location | Shelving location | Date acquired | Source of acquisition | Cost, normal purchase price | Total Checkouts | Full call number | Date last seen | Date checked out | Copy number | Koha item type |
|---|---|---|---|---|---|---|---|---|---|---|---|---|---|---|---|---|
| Dewey Decimal Classification | Non-fiction | Central Library, University of Rajshahi | Central Library, University of Rajshahi | 27/05/2008 | kuntori book centre, Dhaka | 220.00 | 1 | B 579 ISA 2003 | 11/11/2017 | 30/10/2017 | C-2 | Books |